000 00602nam a22001937a 4500
003 OSt
005 20260306014113.0
008 260306b |||||||| |||| 00| 0 eng d
020 _a0-205-14721-6.
040 _aDWCL Main lib
_cOC
082 _aCirc. 616.89 Ab153 1998
100 _aNietzel, Michael T.
245 _aAbnormal psychology
_cMichael T. Nietzel
260 _aNeedham Heigts, MA :
_bAllyn & Bacon,
_cc1998.
300 _axx, 764 p. :
_bcol. ill. ;
_c 28 cm.
504 _aIncludes bibliographical references and index.
650 _aAbnormal psychology.
942 _2ddc
_cBK-CIRC
_kCirc.
_n0
999 _c8650
_d8650